| 000 | 00552nam a2200145Ia 4500 | ||
|---|---|---|---|
| 008 | 100204s9999 xx 000 0 und d | ||
| 082 | _b10326 | ||
| 100 | _aतेंडुलकर प्रिया | ||
| 245 | _aज्याचा त्याचा प्रश्न | ||
| 260 |
_b"डिंंंंप्ंाल पब्लिकेशन, वसई" _c1987 |
||
| 300 | _a171 | ||
| 630 | _aज्याचा त्याचा प्रश्न | ||
| 730 | _aज्याचा त्याचा प्रश्न | ||
| 942 | _cBOOK | ||
| 999 |
_c454762 _d454759 |
||